| 000 | 00351nam a2200097Ia 4500 | ||
|---|---|---|---|
| 082 | _a751.4224343 WHIT | ||
| 245 | 0 | _aJanet Whittle's watercolour flowers : an inspirational step-by-step guide to colour and techniques | |
| 100 |
_a Whittle, Janet Welgemoed, South Africa, 2007 _967027 |
||
| 942 | _cBK | ||
| 008 | 210817s9999 xx 000 0 und d | ||
| 999 |
_c215539 _d215538 |
||